Nghiên cứu chiết tách và ứng dụng axit Hydroxycitric trong cây Bứa

Gardado en:
Detalles Bibliográficos
Autor Principal: Đào Hùng Cường GS.TS (Chủ nhiệm đề tài)
Formato: Libro
Publicado: 2008
Các nhãn: Engadir etiqueta
Sen Etiquetas, Sexa o primeiro en etiquetar este rexistro!
Thư viện lưu trữ: Mạng thư viện Đại học Đà Nẵng
LEADER 00717nam a2200229 4500
001 000020526
003 16972
005 20150323080321.0
008 150323s2008 sd
100 1 |a Đào Hùng Cường  |c GS.TS  |e Chủ nhiệm đề tài 
245 1 0 |a Nghiên cứu chiết tách và ứng dụng axit Hydroxycitric trong cây Bứa  |c Đào Hùng Cường 
260 |c 2008 
500 |a Đề tài NCKH cấp Bộ . Mã số : B2008-03-34-TĐ 
OWN |a LSP 
999 |a From the UDN01 
TYP |a Mixed Materials 
TYP |a Monograph 
TYP |a Printed language 
980 |a Mạng thư viện Đại học Đà Nẵng